Istota nemotivuje

Rozhovor s predsedom Slovenskej akadémie vied, biochemikom, Jaromírom Pastorekom o tom, prečo slovenskí vedci majú stále problém s peniazmi, prečo sa nevedia predať a ako by sa to dalo zmeniť.

Enregistré dans:
Détails bibliographiques
Auteur principal: Hlubina, Palo
Autres auteurs: Pastorek, Jaromír
Format: Chapitre de livre
Langue:slovaque
Sujets:
Tags: Ajouter un tag
Pas de tags, Soyez le premier à ajouter un tag!

MARC

LEADER 00000naa a2200000 4500
001 0165253
005 20231113074744.9
041 0 |a slo 
044 |a SK 
245 1 0 |a Istota nemotivuje  |c Palo Hlubina, Jaromír Pastorek 
520 |a Rozhovor s predsedom Slovenskej akadémie vied, biochemikom, Jaromírom Pastorekom o tom, prečo slovenskí vedci majú stále problém s peniazmi, prečo sa nevedia predať a ako by sa to dalo zmeniť. 
610 2 0 |a veda 
610 2 0 |a výskum 
610 2 0 |a financie 
610 2 0 |a projekty 
100 1 |a Hlubina, Palo 
700 1 |a Pastorek, Jaromír